Normal and abnormal fear and anxiety in children and adolescents

Αποθηκεύτηκε σε:
Λεπτομέρειες βιβλιογραφικής εγγραφής
Κύριος συγγραφέας: Muris, Peter
Μορφή: Βιβλίο
Γλώσσα:English
Δημοσίευση: Amsterdam ; Boston : Elsevier, [c2007].
Θέματα:
Ετικέτες: Προσθήκη ετικέτας
Δεν υπάρχουν, Καταχωρήστε ετικέτα πρώτοι!

MARC

LEADER 00000cam a2200000 i 4500
001 1/95211
008 081010s2007 eng d
020 |a 9780080450735   |q (σκληρό εξώφυλλο) 
020 |a 0080450733   |q (σκληρό εξώφυλλο) 
035 |l 10100782 
040 |a GR-MY-UA  |b gre  |e aacr 
041 0 |a eng 
082 7 |a 618.928522  |2 (22) 
100 1 |a Muris, Peter. 
245 1 0 |a Normal and abnormal fear and anxiety in children and adolescents /   |c Peter Muris.  
260 |a Amsterdam ; Boston :   |b Elsevier,   |c [c2007].  
300 |a xii, 384 σ. ;   |c 24 εκ. 
504 |a Βιβλιογραφία: σ. [299]-372. Ευρετήριο.  
650 0 0 |a Anxiety disorders. 
650 0 0 |a Anxiety in children. 
650 0 0 |a Anxiety in adolescence. 
650 0 0 |a Fear in children. 
650 0 0 |a Adolescent psychology. 
852 |a INST  |b RHODES  |e 20081010  |h 618.928522 MUR  |p 005400030873  |q 005400030873  |t BK  |y 0 
901 |a BIBL4-2008-3 
909 |a Ρ  |b 153882 
970 |a ΚΟΖΑ  |b ΜΑΡΙΑ  |z 2008/10/10